Advances in food processing technology (Record no. 14852)
[ view plain ]
| 000 -LEADER | |
|---|---|
| fixed length control field | 00416nam a22001697a 4500 |
| 003 - CONTROL NUMBER IDENTIFIER | |
| control field | OSt |
| 008 - FIXED-LENGTH DATA ELEMENTS--GENERAL INFORMATION | |
| fixed length control field | 240223b |||||||| |||| 00| 0 eng d |
| 020 ## - INTERNATIONAL STANDARD BOOK NUMBER | |
| ISBN | 9789380428826 |
| 041 ## - LANGUAGE CODE | |
| Language code of text/sound track or separate title | eng |
| 082 ## - DEWEY DECIMAL CLASSIFICATION NUMBER | |
| Classification number | 664 |
| Item number | TRI/AD |
| 100 ## - MAIN ENTRY--AUTHOR NAME | |
| Personal name | Tripathi, M.K |
| 100 ## - MAIN ENTRY--AUTHOR NAME | |
| Personal name | Mangaraj, S |
| 245 ## - TITLE STATEMENT | |
| Title | Advances in food processing technology |
| 260 ## - PUBLICATION, DISTRIBUTION, ETC. (IMPRINT) | |
| Place of publication | Delhi |
| Name of publisher | Narendra Publishing House |
| Year of publication | 2013 |
| 300 ## - PHYSICAL DESCRIPTION | |
| Number of Pages | 455p |
| 942 ## - ADDED ENTRY ELEMENTS (KOHA) | |
| Koha item type | Books |
| Withdrawn status | Lost status | Damaged status | Home library | Current library | Shelving location | Date acquired | Source of acquisition | Cost, normal purchase price | Full call number | Accession Number | Koha item type | Collection code |
|---|---|---|---|---|---|---|---|---|---|---|---|---|
| KAUAET | KAUAET | General Stacks | 30/03/2017 | Neoti book Agency | 2495.00 | 664.02 TRI/AD | 25252 | Books | ||||
| KAUAET | KAUAET | General Stacks | 30/03/2017 | Neoti book Agency | 2495.00 | 664.02 TRI/AD | 25253 | Books | ||||
| KAUAET | KAUAET | General Stacks | 18/03/2018 | Neoti book agency | 664.02 TRI/AD | 25561 | Books | |||||
| KAUAET | KAUAET | General Stacks | 18/03/2018 | Neoti book agency | 664.02 TRI/AD | 25562 | Books | |||||
| KAUAET | KAUAET | General Stacks | 16/05/2019 | 664.02 TRI/AD | 25803 | Books | Non-fiction | |||||
| KAUAET | KAUAET | General Stacks | 16/05/2019 | 664.02 TRI/AD | 25802 | Books | Non-fiction |
